Finanzas en el umbral : (Registro nro. 12301)

Detalles MARC
000 -LEADER
fixed length control field 01612nam a2200277Ia 4500
003 - CONTROL NUMBER IDENTIFIER
control field OSt
005 - DATE AND TIME OF LATEST TRANSACTION
control field 20210824152555.0
008 - FIXED-LENGTH DATA ELEMENTS--GENERAL INFORMATION
fixed length control field 210310s2014 sp gr 000 0 spa d
020 ## - INTERNATIONAL STANDARD BOOK NUMBER
International Standard Book Number 9788415731771
040 ## - CATALOGING SOURCE
Original cataloging agency CO-JMCR
Transcribing agency CO-JMCR
041 1# - LANGUAGE CODE
Language code of text/sound track or separate title spa
Language code of original eng
082 04 - DEWEY DECIMAL CLASSIFICATION NUMBER
Classification number 338.543 /
Item number H683f
Edition number 23
100 1# - MAIN ENTRY--PERSONAL NAME
Personal name Houghton Budd, Christopher,
Relator term autor
9 (RLIN) 27853
245 10 - TITLE STATEMENT
Title Finanzas en el umbral :
Remainder of title re-pensando las economías real y financiera /
Statement of responsibility, etc. Christopher houghton Budd, traducción y revisión en castellano, Joaquín Aguado Castro y Cristina Senén Burgos
260 ## - PUBLICATION, DISTRIBUTION, ETC.
Place of publication, distribution, etc. Valencia, España :
Name of publisher, distributor, etc. Tirant Humanidades,
Date of publication, distribution, etc. 2014.
300 ## - PHYSICAL DESCRIPTION
Extent 400 páginas ;
Dimensions 22 cm.
504 ## - BIBLIOGRAPHY, ETC. NOTE
Bibliography, etc. note bibliografía : páginas 397-400, y notas a pie de página.
505 ## - FORMATTED CONTENTS NOTE
Formatted contents note Por qué nadie lo vio venir. -- Cuando los bancos dejaron de prestarse unos a otros. -- 2007-un umbral en ala evolución financiera. -- ¡Es la epistemología, estúpido!. -- La concepción social de Rudolf Steiner. -- El análisis monetario de Rudolf Steiner. -- El siglo veinte. -- Keynes vs. Friedman- un falso debate. -- La economía aplanada. -- Más allá de la banca. -- Contabilidad profunda. -- La banca de la juventud y el comercio.
520 0# - SUMMARY, ETC.
Summary, etc. Este libro ofrece una visión radical de la crisis financiera global y lo hace desde el planteamiento de su tesis inicial, crisis ¿Qué crisis?.
650 14 - SUBJECT ADDED ENTRY--TOPICAL TERM
Topical term or geographic name entry element Crisis económicas.
9 (RLIN) 39628
650 24 - SUBJECT ADDED ENTRY--TOPICAL TERM
Topical term or geographic name entry element Economía política.
9 (RLIN) 39629
650 24 - SUBJECT ADDED ENTRY--TOPICAL TERM
Topical term or geographic name entry element Finanzas.
9 (RLIN) 39630
700 1# - ADDED ENTRY--PERSONAL NAME
Personal name Aguado Castro, Joaquín,
Relator term traductor
9 (RLIN) 39631
700 ## - ADDED ENTRY--PERSONAL NAME
Personal name Senén Burgos, Cristina,
Relator term traductora
9 (RLIN) 39632
942 ## - ADDED ENTRY ELEMENTS (KOHA)
Source of classification or shelving scheme Dewey Decimal Classification
Koha item type Books
Existencias
Withdrawn status Lost status Source of classification or shelving scheme Damaged status Not for loan Home library Current library Shelving location Date acquired Source of acquisition Full call number Barcode Date last seen Copy number Price effective from Koha item type
    Dewey Decimal Classification     Biblioteca Pública José María del Castillo y Rada Biblioteca Pública José María del Castillo y Rada General Stacks 04/15/2018 Donación 338.543 / H683f 430005730 05/16/2024 Ej.1 03/10/2021 Books